Statistiques concernant Littérature commençant par la lettre Y

Cliquez ici pour prendre le quiz!

Statistiques générales

  • Ce quiz a été pris 632 fois
  • Le résultat moyen est 9 sur 20

Statistiques - réponses

IndicesRéponses% Correct
Monnaie utilisée dans Stupeur et tremblements (par rapport au pays dans lequel se déroule l'action)Yen
98%
Notion élémentaire de la philosophie chinoise, symbolisé par le blancYin
98%
Prénom de l'écrivain français dont le patronyme est MoixYann
97%
Notion opposée mais complémentaire de cette dernièreYang
94%
Tintin le rencontre au TibetYéti
81%
Animal parodiant Sherlock Holmes dans une série de dessins animésYack
77%
Enfant sioux capable de parler aux animauxYakari
66%
Mémoire d'Hadrien, L'Œuvre au noir, Nouvelles orientales,...Marguerite Yourcenar
61%
Surnommé le Chevalier au LionYvain
51%
Loup ennemi de RenartYsengrin
48%
Cèlèbre manga peut-être plus connu aujourd'hui pour son jeu de cartes à jouerYu-Gi-Oh
46%
Terme anglais désignant la catégorie de livres destinés aux adolescents et jeunes adultesYoung adults
33%
Type de mangas mettant en scène des relations amoureuses entre hommesYaoi
29%
Équivalent féminin de ce dernierYuri
17%
Créature surnaturelle du folklore japonais, souvent représentée comme un esprit malicieuxYokai
16%
Mangemort employé du Ministère de la Magie dans l'univers des sorciers de J.K. RowlingCorban Yaxley
15%
Personnage shakespearien dont le crâne apparaît dans HamletYorick
8%
Dans la mythologie nordique, sa dépouille servit à fabriquer le monde des humainsYmir
5%
Chef du SMOG et adversaire de Bob MoraneMiss Ylang-Ylang
4%
Créateur de jouets et jeux vidéo, notamment à l'origine de la Game Boy, dont la biographie s'intitule "... ... - Vie et philosophie du dieu des jouets Nintendo"Gunpei Yokoi
2%

Distribution des résultats

Percentile par nombre de réponses

% des personnes avec chaque résultat

Votre développement - résultats

Vous n’avez pas pris ce quiz